000 00731nam a2200265Ia 4500
003 OSt
005 20220927110759.0
006 a|||||r|||| 00| 0
007 ta
008 220926b |||||||| |||| 00| 0 eng d
020 _a9231012118
024 _a121924
037 _cReports
040 _aRTL
_cRTL
_beng
041 _2eng
_aeng
082 _a"T.1.N71t, L5"
245 0 _aEDUCATION ON the move
_b Extracts from background p
260 _aDelhi
_bUnesco Press India
_c1975
300 _a"xii,307p."
_ccm.
490 _a"""Companion volume to learning to be"""
500 _aAppendix p. 285-95
650 _aEducation
942 _h"T.1.N71t, L5"
_cCC
999 _c697898
_d697898